000 00445nam a2200181Ia 4500
001 9771
005 20260306161743.0
008 260306t2013||||xx |||||||||||||| ||spa||
041 _aESP
082 _a415.9
_bF11
100 _aFábregas, Antonio
_eAUT
245 0 _aLa morfología:
_bel análisis de la palabra compleja
260 _c2013
300 _a318 páginas :
_c23 cm.
650 _aGEN
654 _aCED
942 _cLIB
_dJUS
_fJUS
_2ddc
_n
999 _c9771
_d9771